[Event "Mittelrhein-chT 1112"]
[Site "Germany"]
[Date "2011.09.11"]
[Round "1.8"]
[White "Kurth, Hans Jakob"]
[Black "Diedrich, Karlheinz"]
[Result "0-1"]
[WhiteElo "1447"]
[BlackElo "1745"]
[PlyCount "72"]
[EventDate "2011.09.11"]
[EventType "team-tourn"]
[EventRounds "13"]
[EventCountry "GER"]
[SourceTitle "EXT 2013"]
[Source "ChessBase"]
[SourceDate "2012.11.22"]
[SourceVersion "1"]
[SourceVersionDate "2012.11.22"]
[SourceQuality "1"]
[WhiteTeam "Bruehl II"]
[BlackTeam "Bruehl"]
[WhiteTeamCountry "GER"]
[BlackTeamCountry "GER"]

1. c4 e5 2. g3 Nf6 3. Bg2 c6 4. Nc3 d5 5. cxd5 cxd5 6. Qb3 Nc6 7. Nxd5 Nd4 8. Nxf6+ gxf6 9. Qd3 Qc7 10. Kd1 Bd7 11. e3 Bc6 12. Qc3 Nb5 13. Bxc6+ bxc6 14. Qc2 Qd7 15. a4 Nc7 16. Ke2 Bb4 17. Nf3 Nd5 18. d4 Bd6 19. Bd2 0-0 20. Rhd1 Rab8 21. dxe5 fxe5 22. e4 Ne7 23. Bh6 Rfe8 24. Nxe5 Qe6 25. Nxc6 Nxc6 26. Qxc6 Rxb2+ 27. Kf1 Rxf2+ 28. Kxf2 Bxg3+ 29. Kxg3 Qxc6 30. Be3 Qxe4 31. Bd4 f5 32. h3 f4+ 33. Kh2 Qc2+ 34. Kh1 Re2 35. Rg1+ Kf8 36. Rg7 Qe4+ 0-1